000 002700000a22000970004500
100 1 _aWatson, Wilfred G.E.
245 1 0 _aLove and death once more (Song of Songs 8:6)
300 _aVol. 47, Num 3 (Julio, 1997), Páginas 385-387
773 0 _tVetus Testamentum
942 _cANA
999 _c58127
_d58127